| 000 | 00510nam a2200157 a 4500 | ||
|---|---|---|---|
| 001 | 000030191 | ||
| 005 | 20200930060123.0 | ||
| 008 | 110504s1991 dr c 000 0 spa d | ||
| 040 |
_aDO-SdBNP _bspa _cBNPHU |
||
| 082 |
_axxx _bP438f |
||
| 100 | 1 |
_aPérez y Pérez, Rafael Leonidas _919964 |
|
| 245 | 1 | 0 |
_aFundación del distrito municipal de Mella, provincia independencia / _cRafael Leonidas Pérez y Pérez. |
| 260 |
_aSanto Domingo : _b[s.n.], _c1991. |
||
| 300 |
_a17 p. : _bretrs. ; _c22 cm. |
||
| 049 | _aBNPD | ||
| 999 |
_c29683 _d29683 |
||